| 000 | 00807nas a2200289 4500 | ||
|---|---|---|---|
| 001 | BR0404726 | ||
| 003 | BR-BrBNA | ||
| 005 | 20231205104859.0 | ||
| 007 | ta | ||
| 008 | 230509b bl.|||p| |||| 00| 00por d | ||
| 040 |
_aBR-BrBNA _bpor _cBiblioteca Nacional de Agricultura |
||
| 041 | _a(Pt) | ||
| 072 | _aL70 | ||
| 100 | 1 | _aCassu, R.N. | |
| 100 | 1 | _aMatsubara, L.M. | |
| 100 | 1 | _aTaveira, T.C. | |
| 100 | 1 | _aVreck, E.M. | |
| 245 | 1 | _aEfeitos da lidocaína tópica na entubação orotraqueal em gatos | |
| 650 | _aGATO | ||
| 650 | _aANESTESIA | ||
| 650 | _aINDUÇÃO | ||
| 650 | _aANESTÉSICO | ||
| 650 | _aESTATÍSTICA | ||
| 773 | 0 |
_tArs Veterinária (Brazil) _xISSN 0102-6380 _g(Apr 2004), v. 20(1) p. 28-35 _wBR0404726 |
|
| 909 |
_a202311 _bLúcia _c55 _dLúcia Elande |
||
| 942 |
_2AGRIS _n0 _cANA |
||
| 999 |
_c180110 _d180110 |
||